00737nam a2200241 a 4500001001300000003000900013005001700022008004100039020002600080082001500106100001900121245005900140260004200199300000900241500003500250505002300285650002200308700001900330902000800349942000700357952011600364999001500480nice12345678IN_TiNIC20260116012254.0050524s1985 graa grp 000 0 eng  a0801099 c467.6500a269.2bPAR aParshall, Phil aBeyond the Mosqueb Christians Within Muslim Community aGrand RapidsbBaker Book House c1985 a277p aincludes index and biblioraphy2 aGlossary and Index aEvangelistic Work1 aParshall, Phil bSRS cBK 001040708StackRoom-aHMIbHMId2009-12-09g467.65l0o269.2 PARp012431r2009-12-09v467.65w2005-05-24yBK c6337d6337